[Event "Russian Championship G17 2016"]
[Site "Loo"]
[Date "2016.04.21"]
[Round "2.13"]
[White "Afonasieva, Anna"]
[Black "Shojhet, Sofiy"]
[Result "1-0"]
[WhiteElo "2133"]
[BlackElo "1807"]
[PlyCount "75"]
[EventDate "2016.04.20"]

1. d4 e6 2. c4 f5 3. Nc3 Nf6 4. e3 Be7 5. Bd3 d5 6. Nge2 O-O 7. O-O c6 8. Qc2
Ne4 9. f3 Nxc3 10. Nxc3 g6 11. Bd2 Bf6 12. Ne2 Nd7 13. cxd5 exd5 14. b4 Nb6 15.
a4 Bd7 16. a5 Nc8 17. b5 cxb5 18. Qb3 Be6 19. Qxb5 Nd6 20. Qb3 Qd7 21. Bb4 Be7
22. Rfb1 Rab8 23. Bc5 Nc8 24. Bb5 Qd8 25. Nf4 Bf7 26. Nd3 Nd6 27. Bxa7 Ra8 28.
Bb6 Qb8 29. Ne5 Nxb5 30. Qxb5 Qd6 31. Bc5 Qe6 32. Bxe7 Qxe7 33. Qxb7 Qxb7 34.
Rxb7 Be6 35. a6 Bc8 36. Rb6 Re8 37. a7 Kg7 38. Rb8 1-0

[Event "Russian Championship G17 2016"]
[Site "Loo"]
[Date "2016.04.21"]
[Round "2.14"]
[White "Kovaleva, Ekaterina"]
[Black "Guseva, Lidia"]
[Result "1/2-1/2"]
[WhiteElo "1786"]
[BlackElo "2065"]
[PlyCount "82"]
[EventDate "2016.04.20"]

1. e4 Nc6 2. Nf3 d6 3. d4 Bg4 4. Be3 Nf6 5. Nc3 a6 6. Be2 e6 7. Qd2 Be7 8. h3
Bh5 9. g4 Bg6 10. Bd3 d5 11. exd5 Nxd5 12. Ne2 Nxe3 13. Qxe3 Nb4 14. Bxg6 hxg6
15. Qb3 Qd5 16. Qxd5 Nxd5 17. O-O-O Nf6 18. Ng3 Bd6 19. Ne5 Bxe5 20. dxe5 Nd7
21. f4 g5 22. fxg5 Nxe5 23. Ne4 b6 24. Nd2 Rd8 25. Rde1 Ng6 26. Nf3 Nh4 27.
Nxh4 Rxh4 28. g6 Rd6 29. gxf7+ Kxf7 30. Rhf1+ Kg6 31. Re3 Rh8 32. Rfe1 Kf7 33.
Rd1 Rhd8 34. Rf1+ Kg6 35. Ref3 R8d7 36. R3f2 Rd4 37. Re2 R7d6 38. Ref2 Rd7 39.
Re2 R7d6 40. Ref2 Rd7 41. Re2 R7d6 1/2-1/2

[Event "Russian Championship G17 2016"]
[Site "Loo"]
[Date "2016.04.21"]
[Round "2.15"]
[White "Kheyfets, Nataliya"]
[Black "Krapivina, Galina"]
[Result "0-1"]
[WhiteElo "2035"]
[BlackElo "1859"]
[PlyCount "92"]
[EventDate "2016.04.20"]

1. e4 e6 2. d4 d5 3. e5 c5 4. c3 Qb6 5. Nf3 Bd7 6. a3 cxd4 7. cxd4 Bb5 8. Bxb5+
Qxb5 9. Nc3 Qa6 10. b4 Nd7 11. b5 Qa5 12. Bd2 Qd8 13. O-O Nb6 14. Qb3 Ne7 15.
Rfc1 Nf5 16. Nd1 Nc4 17. Qc3 Be7 18. Nb2 Nxb2 19. Qxb2 O-O 20. a4 Qd7 21. Ne1
Rfc8 22. Nd3 b6 23. Bb4 h6 24. g4 Nh4 25. Rc6 Bxb4 26. Nxb4 Qe7 27. f4 Ng6 28.
Rf1 Qh4 29. Qe2 Ne7 30. Rcc1 Rxc1 31. Rxc1 h5 32. Rc7 hxg4 33. Qf2 Qh7 34. Kg2
Qe4+ 35. Kf1 Ng6 36. Rc3 Nxf4 37. Ra3 Qb1+ 38. Qe1 Qf5 39. Qf2 Nh5 40. Rc3 Nf4
41. Nc6 Kf8 42. Nb4 Qe4 43. Ra3 Rc8 44. Nc6 Nh3 45. Qg2 Qb1+ 46. Ke2 Nf4+ 0-1

[Event "Russian Championship G17 2016"]
[Site "Loo"]
[Date "2016.04.21"]
[Round "2.16"]
[White "Bocharova, Anastasia"]
[Black "Zhemchuzhina, Elizaveta"]
[Result "0-1"]
[WhiteElo "1612"]
[BlackElo "2000"]
[PlyCount "94"]
[EventDate "2016.04.20"]

1. Nf3 Nf6 2. d4 e6 3. e3 b6 4. c4 Bb7 5. Nc3 d5 6. b3 Bb4 7. Bb2 Ne4 8. Rc1 c5
9. dxc5 bxc5 10. Be2 Qf6 11. Qd3 O-O 12. O-O Qf5 13. a3 dxc4 14. bxc4 Nxc3 15.
Bxc3 Qxd3 16. Bxd3 Bxa3 17. Rb1 Bxf3 18. gxf3 a5 19. Be4 Ra7 20. Ra1 Bb4 21.
Bxb4 cxb4 22. Rfb1 f5 23. Bc2 Nc6 24. Ba4 Ne5 25. f4 Nd3 26. Bc2 Nc5 27. Ba4
Rd8 28. Kf1 Ne4 29. Ke1 Nc3 30. Rb2 Ra6 31. Bc2 Rad6 32. Bb3 a4 33. c5 a3 34.
Rbb1 Rc6 35. Bxe6+ Rxe6 36. Rxb4 Ra6 37. Rc4 Ne4 38. c6 Rc8 39. c7 Ra7 40. f3
Nf6 41. Rc3 Rcxc7 42. Raxa3 Rxa3 43. Rxa3 Rc2 44. h4 Rh2 45. Ra7 Nd5 46. Ra3
Rxh4 47. Ke2 Rh2+ 0-1

[Event "Russian Championship G17 2016"]
[Site "Loo"]
[Date "2016.04.21"]
[Round "2.17"]
[White "Protasova, Anastasia"]
[Black "Teryaeva, Valeria"]
[Result "1-0"]
[WhiteElo "1843"]
[BlackElo "1929"]
[PlyCount "109"]
[EventDate "2016.04.20"]

1. d4 f5 2. g3 Nf6 3. Bg2 g6 4. Nf3 Bg7 5. c4 O-O 6. O-O d6 7. Nc3 c6 8. b3 Qc7
9. Bb2 e5 10. d5 Na6 11. Rc1 Nc5 12. Ba3 Nce4 13. Nxe4 Nxe4 14. Nd2 Qa5 15. Nb1
c5 16. Qc2 Nf6 17. Qc3 Qc7 18. b4 Bd7 19. bxc5 dxc5 20. Qe3 Rac8 21. Rfd1 Ng4
22. Qb3 Rf6 23. h3 Rb6 24. Qc2 Nf6 25. Nc3 e4 26. Rb1 Rxb1 27. Qxb1 e3 28. d6
exf2+ 29. Kxf2 Qa5 30. Qb3 Ng4+ 31. hxg4 Bxc3 32. Qxb7 Qa4 33. Rb1 Bd4+ 34. Kf1
fxg4 35. Bd5+ Kh8 36. Bb2 Rf8+ 37. Kg2 Rf2+ 38. Kh1 Rxe2 39. Bxd4+ cxd4 40. c5
Qc2 41. Qb8+ Kg7 42. Qg8+ Kh6 43. Qf8+ Kh5 44. Qf1 Rf2 45. Qe1 Re2 46. Qf1 Rh2+
47. Kg1 Rh3 48. Bg2 Rxg3 49. Re1 Qxc5 50. Qf4 d3+ 51. Kh2 Rxg2+ 52. Kxg2 Qd5+
53. Kh2 Qxa2+ 54. Kg3 Qd5 55. Re5+ 1-0

[Event "Russian Championship G17 2016"]
[Site "Loo"]
[Date "2016.04.21"]
[Round "2.18"]
[White "Potapova, Margarita"]
[Black "Spiridonova, Yana"]
[Result "1/2-1/2"]
[WhiteElo "2109"]
[BlackElo "1824"]
[PlyCount "119"]
[EventDate "2016.04.20"]

1. d4 c5 2. d5 e5 3. Nc3 d6 4. e4 Be7 5. Nf3 Nf6 6. Bb5+ Nbd7 7. a4 O-O 8. O-O
h6 9. Nd2 Ne8 10. Bd3 b6 11. Nc4 Bg5 12. Ne3 Ndf6 13. Qe2 a6 14. b3 g6 15. g3
Bh3 16. Re1 Nc7 17. f3 h5 18. Ncd1 Bd7 19. Nc4 Bxc1 20. Rxc1 Nce8 21. Na3 Nc7
22. Kg2 Qe7 23. c3 Rfb8 24. c4 Qe8 25. Nc3 Kg7 26. Rb1 a5 27. Qe3 Qe7 28. Rb2
Rh8 29. h3 h4 30. g4 Nh7 31. f4 f6 32. Rf1 g5 33. fxg5 fxg5 34. Rbf2 Raf8 35.
Rf5 Ne8 36. Nab1 Bxf5 37. exf5 Nef6 38. Nd2 Rhg8 39. Be4 Rf7 40. Kh2 Kf8 41.
Nb5 Kg7 42. Ra1 Ra8 43. Nc3 Kh8 44. Nf3 Rg7 45. Kg2 Qe8 46. Kf2 Qe7 47. Rg1
Rag8 48. Ke2 Qe8 49. Kd2 Qe7 50. Kc2 Qd7 51. Nd2 Qe7 52. Re1 Rf8 53. Bd3 Rfg8
54. Qf3 Qf7 55. Re4 Qd7 56. Re2 Qe7 57. Nde4 Nxe4 58. Bxe4 Nf6 59. Qe3 Qd7 60.
Nb1 1/2-1/2

[Event "Russian Championship G17 2016"]
[Site "Loo"]
[Date "2016.04.21"]
[Round "2.19"]
[White "Barbaeva, Irina"]
[Black "Shabunova, Ekaterina"]
[Result "1-0"]
[WhiteElo "1968"]
[BlackElo "1805"]
[PlyCount "61"]
[EventDate "2016.04.20"]

1. e4 d6 2. d4 Nf6 3. Nc3 Nbd7 4. Nf3 e5 5. Bc4 Be7 6. O-O O-O 7. Be3 c6 8. a4
a6 9. h3 Qc7 10. a5 Re8 11. Ng5 Rf8 12. f4 exd4 13. Bxd4 h6 14. Nf3 Nc5 15. e5
Nfe4 16. Nxe4 Nxe4 17. Qe1 d5 18. Bb6 Bc5+ 19. Bxc5 Nxc5 20. Bd3 Nxd3 21. cxd3
Bf5 22. Qc3 Rfe8 23. b4 Qe7 24. Nd4 Bh7 25. Nb3 g5 26. d4 f6 27. Rae1 gxf4 28.
Rxf4 fxe5 29. Rxe5 Qc7 30. Qg3+ Qg7 31. Rg4 1-0

[Event "Russian Championship G17 2016"]
[Site "Loo"]
[Date "2016.04.21"]
[Round "2.20"]
[White "Makhno, Maria"]
[Black "Suleimanova, Renata"]
[Result "1-0"]
[WhiteElo "1962"]
[BlackElo "1789"]
[PlyCount "73"]
[EventDate "2016.04.20"]

1. d4 Nf6 2. c4 g6 3. Nc3 d5 4. cxd5 Nxd5 5. e4 Nxc3 6. bxc3 Bg7 7. Bc4 c5 8.
Ne2 cxd4 9. cxd4 Nc6 10. Be3 b5 11. Bd5 Bd7 12. Qb3 e6 13. Bxc6 Bxc6 14. f3 O-O
15. O-O Qd7 16. Rac1 Rfd8 17. Rfd1 a5 18. Rc5 Bf8 19. Rcc1 b4 20. Rd2 a4 21.
Qd1 b3 22. axb3 axb3 23. Qxb3 Ra3 24. Qb6 Bxe4 25. Bg5 Bf5 26. Qxd8 Qxd8 27.
Bxd8 Bh6 28. f4 Ra8 29. Bf6 Bg4 30. Rdc2 e5 31. Bxe5 g5 32. h3 Bf5 33. Rb2 Bd3
34. Kf2 gxf4 35. Nxf4 Ra6 36. Rc8+ Bf8 37. Nxd3 1-0

[Event "Russian Championship G17 2016"]
[Site "Loo"]
[Date "2016.04.21"]
[Round "2.21"]
[White "Shafigullina, Zarina"]
[Black "Kazak, Natalia"]
[Result "0-1"]
[WhiteElo "1930"]
[BlackElo "1784"]
[PlyCount "64"]
[EventDate "2016.04.20"]

1. Nf3 Nf6 2. c4 g6 3. d4 Bg7 4. g3 O-O 5. Bg2 c6 6. Nc3 d6 7. O-O Qa5 8. e4 e5
9. d5 cxd5 10. cxd5 Na6 11. a3 Bd7 12. Bd2 Rfc8 13. b4 Qd8 14. Ne1 Ne8 15. Rc1
Nec7 16. Nd3 Nb5 17. a4 Nd4 18. f4 f5 19. fxe5 dxe5 20. b5 Nc5 21. Nxc5 Rxc5
22. Rb1 Rac8 23. exf5 Bxf5 24. Rc1 Qd7 25. Ne4 Rxc1 26. Bxc1 Rxc1 27. Qd2 Rc2
28. Qe3 Rxg2+ 29. Kxg2 Bh3+ 30. Kg1 Bxf1 31. Kxf1 Qxd5 32. h4 Nf5 0-1

[Event "Russian Championship G17 2016"]
[Site "Loo"]
[Date "2016.04.21"]
[Round "2.22"]
[White "Skomorokhina, Ekaterina"]
[Black "Shelepneva, Darya"]
[Result "1-0"]
[WhiteElo "1883"]
[BlackElo "1780"]
[PlyCount "61"]
[EventDate "2016.04.20"]

1. d4 Nf6 2. Bf4 Nh5 3. Bg5 h6 4. Bh4 g5 5. e3 Nf6 6. Bg3 d6 7. h3 c5 8. c3 Bf5
9. Nd2 Bg7 10. Qb3 Qb6 11. Qxb6 axb6 12. Nc4 Nbd7 13. Nf3 O-O 14. Be2 Bg6 15.
O-O Ne4 16. Bh2 Rfc8 17. a4 Kh7 18. Nfd2 Nxd2 19. Nxd2 d5 20. Bb5 Nf6 21. f3 c4
22. e4 dxe4 23. fxe4 Nxe4 24. Nxe4 Bxe4 25. Rxf7 Kg8 26. Rxe7 Bd5 27. Rae1 Bf8
28. Rd7 Rd8 29. Rxd5 Rxd5 30. Bxc4 Rad8 31. Re5 1-0

[Event "Russian Championship G17 2016"]
[Site "Loo"]
[Date "2016.04.21"]
[Round "2.23"]
[White "Borodina, Tatiana"]
[Black "Golovkina, Anastasia"]
[Result "0-1"]
[WhiteElo "1721"]
[BlackElo "1881"]
[PlyCount "72"]
[EventDate "2016.04.20"]

1. e4 c5 2. Nf3 Nc6 3. c4 g6 4. d4 cxd4 5. Nxd4 Bg7 6. Be3 Nf6 7. Nc3 O-O 8.
Be2 d6 9. O-O Bd7 10. Rc1 Nxd4 11. Bxd4 Bc6 12. f3 a5 13. Nd5 Nd7 14. Bxg7 Kxg7
15. Qd4+ e5 16. Qd2 Nc5 17. Kh1 Ne6 18. Rfd1 f5 19. Nc3 Nd4 20. Bd3 Qh4 21. Rf1
Kh8 22. Bb1 Rf6 23. Ne2 Nxe2 24. Qxe2 Raf8 25. Rce1 R8f7 26. b3 Bd7 27. Qd2 f4
28. Qf2 Qh5 29. Rd1 g5 30. Rd3 Rh6 31. g4 fxg3 32. Qxg3 Rf4 33. Rg1 Rh4 34. Rd2
Rh3 35. Qg2 g4 36. fxg4 Bxg4 0-1

[Event "Russian Championship G17 2016"]
[Site "Loo"]
[Date "2016.04.21"]
[Round "2.24"]
[White "Mukhtarova, Anastasiia"]
[Black "Senkova, Darya"]
[Result "1-0"]
[WhiteElo "1877"]
[BlackElo "1685"]
[PlyCount "81"]
[EventDate "2016.04.20"]

1. c4 e5 2. Nc3 Nf6 3. Nf3 Nc6 4. e3 Be7 5. a3 a5 6. Be2 O-O 7. O-O d5 8. cxd5
Nxd5 9. Qc2 Be6 10. Rd1 Bf6 11. Ne4 Bf5 12. Nxf6+ Qxf6 13. d3 Be6 14. b3 Qg6
15. Bb2 f6 16. Kh1 Rad8 17. Rac1 Rfe8 18. Qc5 Bf7 19. Nh4 Qg5 20. Nf3 Qg6 21.
Nd2 f5 22. Nc4 Ra8 23. Bf3 b6 24. Nxb6 cxb6 25. Qxc6 Qxc6 26. Rxc6 e4 27. dxe4
fxe4 28. Bg4 Rad8 29. h3 Kf8 30. Bd4 Rb8 31. Rdc1 Kg8 32. Rd6 Kf8 33. Rcc6 b5
34. Rc5 Ne7 35. b4 axb4 36. axb4 Bc4 37. Rg5 Ng6 38. Rd7 Re7 39. Bc5 Ke8 40.
Bxe7 Nxe7 41. Rxg7 1-0

[Event "Russian Championship G17 2016"]
[Site "Loo"]
[Date "2016.04.21"]
[Round "2.25"]
[White "Chistyakova, Daria"]
[Black "Elkina, Yuliya"]
[Result "0-1"]
[WhiteElo "1857"]
[BlackElo "1559"]
[PlyCount "48"]
[EventDate "2016.04.20"]

1. e4 e6 2. d4 b6 3. Nf3 Bb7 4. Bd3 Nf6 5. Qe2 d6 6. c4 Nc6 7. Nc3 e5 8. dxe5
Nxe5 9. Nxe5 dxe5 10. O-O Bc5 11. Bg5 h6 12. Bh4 Qd6 13. Rad1 O-O-O 14. Nb5 Qe6
15. Nxa7+ Kb8 16. Nb5 g5 17. Bg3 h5 18. h4 Rdg8 19. Qf3 gxh4 20. Bxh4 Rg6 21.
Qf5 Qxf5 22. exf5 Rxg2+ 23. Kh1 Rxf2+ 24. Kg1 Rg8+ 0-1

[Event "Russian Championship G17 2016"]
[Site "Loo"]
[Date "2016.04.21"]
[Round "2.26"]
[White "Milovanova, Maria"]
[Black "Grigorian, Ivetta"]
[Result "1-0"]
[WhiteElo "1844"]
[BlackElo "1446"]
[PlyCount "53"]
[EventDate "2016.04.20"]

1. d4 Nf6 2. c4 g6 3. g3 Bg7 4. Bg2 d6 5. Nc3 O-O 6. Nf3 Nbd7 7. O-O e5 8. d5
Ne8 9. e4 h6 10. Ne1 f5 11. Nd3 Nef6 12. f4 fxe4 13. Nxe4 Nxe4 14. Bxe4 Qe8 15.
Re1 Qf7 16. Qe2 Re8 17. Qc2 Nf6 18. Nxe5 dxe5 19. Bxg6 Qf8 20. Bxe8 Nxe8 21.
fxe5 Qc5+ 22. Be3 Qe7 23. e6 Nf6 24. Bd4 b6 25. Rf1 Bb7 26. Qg6 Rf8 27. Rae1
1-0

[Event "Russian Championship G17 2016"]
[Site "Loo"]
[Date "2016.04.21"]
[Round "2.27"]
[White "Bychenkova, Yulia"]
[Black "Perfilova, Maria"]
[Result "0-1"]
[WhiteElo "1696"]
[BlackElo "1844"]
[PlyCount "90"]
[EventDate "2016.04.20"]

1. d4 f5 2. g3 Nf6 3. Bg2 g6 4. c4 Bg7 5. Nh3 O-O 6. O-O d6 7. Qb3 Kh8 8. Bxb7
Bxb7 9. Qxb7 Nbd7 10. Nf4 Rb8 11. Qf3 Qc8 12. Ne6 Re8 13. b3 Ne5 14. dxe5 Qxe6
15. exf6 Qxf6 16. Nc3 Qxc3 17. Qxc3 Bxc3 18. Rb1 e5 19. Bb2 Bxb2 20. Rxb2 Rb6
21. Rc1 Kg7 22. Rbc2 c5 23. e4 Kf6 24. Re1 a5 25. exf5 gxf5 26. f4 e4 27. Re3
h5 28. Kf2 a4 29. Rd2 Ke6 30. h3 axb3 31. Rxb3 Rxb3 32. axb3 Rb8 33. Rb2 d5 34.
cxd5+ Kxd5 35. Rd2+ Kc6 36. Rb2 c4 37. b4 Kb5 38. Ke3 Rd8 39. Ra2 Kxb4 40. Ra7
c3 41. Rb7+ Ka3 42. g4 Rd3+ 43. Ke2 c2 44. Rc7 Kb2 45. Rb7+ Rb3 0-1

[Event "Russian Championship G17 2016"]
[Site "Loo"]
[Date "2016.04.21"]
[Round "2.28"]
[White "Bushueva, Tatjana"]
[Black "Simakova, Elena"]
[Result "0-1"]
[WhiteElo "1678"]
[BlackElo "1826"]
[PlyCount "84"]
[EventDate "2016.04.20"]

1. e4 e5 2. Nf3 Nc6 3. Bb5 Nf6 4. O-O Nxe4 5. Re1 Nd6 6. Nxe5 Be7 7. Bf1 Nxe5
8. Rxe5 O-O 9. Nc3 Bf6 10. Re1 Nf5 11. Nd5 c6 12. Nxf6+ Qxf6 13. c3 d5 14. d4
Bd7 15. Bf4 Rfe8 16. Be5 Qg5 17. Qc1 Qxc1 18. Raxc1 f6 19. Bf4 g5 20. Bd2 Kf7
21. Bd3 h6 22. Rf1 Nd6 23. f4 g4 24. b3 Ne4 25. Be1 Bf5 26. c4 Ng3 27. Bxf5
Ne2+ 28. Kf2 Nxc1 29. Kg3 Ne2+ 30. Kxg4 Nxd4 31. Bb1 Rg8+ 32. Kh3 dxc4 33. bxc4
Rae8 34. Bd3 Re3+ 35. g3 Rxd3 36. Bf2 c5 37. Rb1 b6 38. a4 Rb3 39. Ra1 Ne2 40.
Kh4 Rb2 41. Be1 Nxf4 42. Rd1 Rxh2# 0-1

[Event "Russian Championship G17 1st league 2016"]
[Site "Loo"]
[Date "2016.04.21"]
[Round "2.1"]
[White "Kuznetsova, Darya"]
[Black "Samchenko, Serafima"]
[Result "1-0"]
[WhiteElo "1989"]
[BlackElo "1706"]
[PlyCount "95"]
[EventDate "2016.04.20"]

1. e4 c5 2. Nf3 d6 3. c3 Nf6 4. h3 e5 5. Bd3 g6 6. O-O Bg7 7. Bc2 O-O 8. d4
Nbd7 9. dxe5 Nxe5 10. Nxe5 dxe5 11. Qe2 Nh5 12. Rd1 Qe7 13. Na3 Nf4 14. Qf3 Qh4
15. Nb5 g5 16. Bxf4 exf4 17. Nd6 g4 18. Qxf4 Bh6 19. Qg3 Qxg3 20. fxg3 Be6 21.
Nf5 Bxf5 22. exf5 Rae8 23. hxg4 Re2 24. Bb3 Re4 25. Rd7 b5 26. Bd5 Rxg4 27. Kf2
Rg5 28. Be4 b4 29. Rad1 bxc3 30. bxc3 Bg7 31. R1d5 Re8 32. Rd8 Rxd8 33. Rxd8+
Bf8 34. Ra8 h6 35. c4 Rg4 36. Kf3 h5 37. Bd5 Rg7 38. Rxa7 Bd6 39. a4 Rxg3+ 40.
Kf2 Ra3 41. Bxf7+ Kf8 42. Bxh5 Bg3+ 43. Ke2 Ra2+ 44. Kf3 Be1 45. g4 Rf2+ 46.
Ke4 Rd2 47. f6 Rd4+ 48. Ke5 1-0

[Event "Russian Championship G17 1st league 2016"]
[Site "Loo"]
[Date "2016.04.21"]
[Round "2.2"]
[White "Averina, Vera"]
[Black "Pivina, Mariya"]
[Result "0-1"]
[WhiteElo "1697"]
[BlackElo "1857"]
[PlyCount "130"]
[EventDate "2016.04.20"]

1. d4 d5 2. Nf3 Nf6 3. e3 e6 4. c4 Be7 5. Nc3 Nbd7 6. a3 c6 7. b4 dxc4 8. Bxc4
b5 9. Be2 a5 10. bxa5 Rxa5 11. Bb2 O-O 12. O-O Bb7 13. Qb3 Qa8 14. e4 c5 15.
Bxb5 cxd4 16. Nxd4 Nc5 17. Qb4 Nfxe4 18. Nxe4 Bxe4 19. Rae1 Nd3 20. Qxe7 Nxb2
21. f3 Bd3 22. Rf2 Qd5 23. Qb4 Bxb5 24. Rxb2 Ra4 25. Qxb5 Qxd4+ 26. Kh1 Rxa3
27. Rbe2 h6 28. h3 Ra1 29. Qe5 Rxe1+ 30. Rxe1 Rd8 31. f4 Qf2 32. Qa5 Rd4 33. f5
Qxf5 34. Qa6 Qc2 35. Rf1 Qd2 36. Qa8+ Rd8 37. Qb7 Qd7 38. Qf3 Qe7 39. Qe4 Qg5
40. Qb7 Qg6 41. Qb4 Rd5 42. Qb8+ Kh7 43. Qb7 Rf5 44. Re1 Qg3 45. Qe4 g6 46. Rg1
Rh5 47. Rf1 Rf5 48. Rg1 Qe5 49. Qa4 Qf6 50. Qc4 Rf4 51. Qb5 e5 52. Re1 e4 53.
Kh2 Qh4 54. Ra1 Rf2 55. Qd5 Qf4+ 56. Kg1 Rd2 57. Qc5 e3 58. Rf1 Rf2 59. Re1 Qg3
60. Qd5 Rxg2+ 61. Qxg2 Qxe1+ 62. Kh2 Qd2 63. h4 e2 64. Qb7 e1=R+ 65. Kg3 Re3+
0-1

[Event "Russian Championship G17 1st league 2016"]
[Site "Loo"]
[Date "2016.04.21"]
[Round "2.3"]
[White "Shkalikova, Marina"]
[Black "Alekseeva, Nariya"]
[Result "1-0"]
[WhiteElo "1823"]
[BlackElo "1690"]
[PlyCount "109"]
[EventDate "2016.04.20"]

1. d4 Nf6 2. Bf4 g6 3. e3 Bg7 4. Be2 O-O 5. Nf3 c5 6. c3 cxd4 7. exd4 d6 8. h3
Nbd7 9. O-O Re8 10. Re1 Nb6 11. Nbd2 Bd7 12. a4 Rc8 13. a5 Nbd5 14. Bh2 a6 15.
Qb3 Rb8 16. c4 Nc7 17. Rac1 Bf5 18. Nb1 Bh6 19. Rcd1 Ne6 20. d5 Nc5 21. Qa3 Bc2
22. Rd4 Nce4 23. Nc3 b6 24. Bd1 Bxd1 25. Nxe4 Nxe4 26. Rdxd1 Nf6 27. Nd4 Qc7
28. Nc6 Rb7 29. axb6 Qxb6 30. b4 e5 31. c5 dxc5 32. bxc5 Bf8 33. Qf3 Qxc5 34.
Qxf6 Bg7 35. Qf3 Qd6 36. Na5 Rc7 37. Qb3 f6 38. Nc4 Qc5 39. Ne3 Qd6 40. Nc4 Qc5
41. Nd2 Kh8 42. Ne4 Qa7 43. d6 Rd7 44. Qe3 Qxe3 45. Rxe3 Red8 46. Red3 f5 47.
Nc5 e4 48. Ra3 Ra7 49. Rxa6 Rxa6 50. Nxa6 g5 51. Nc5 f4 52. d7 Bf6 53. Ne6 Ra8
54. d8=Q+ Bxd8 55. Rxd8+ 1-0

[Event "Russian Championship G17 1st league 2016"]
[Site "Loo"]
[Date "2016.04.21"]
[Round "2.4"]
[White "Grekhneva, Yana"]
[Black "Suvorova, Ksenia"]
[Result "1-0"]
[WhiteElo "1809"]
[BlackElo "1648"]
[PlyCount "103"]
[EventDate "2016.04.20"]

1. d4 Nf6 2. c4 c5 3. d5 b5 4. Nf3 g6 5. Nbd2 Bg7 6. e4 d6 7. Bd3 bxc4 8. Nxc4
O-O 9. O-O Nbd7 10. Nfd2 Nb6 11. Re1 Bd7 12. Rb1 Qc7 13. b3 a5 14. Nxb6 Qxb6
15. Nc4 Qc7 16. a4 Ng4 17. Na3 Bd4 18. Rf1 Ne5 19. Bb5 Qb7 20. Kh1 Ng4 21. Qe2
Bg7 22. Bd2 Bxb5 23. Nxb5 Nf6 24. f3 Rfb8 25. Qe1 Ra6 26. Bxa5 Rba8 27. Bd2 Ne8
28. Na3 Rb6 29. Qd1 Rb8 30. Nb5 Ra6 31. Bc3 Bxc3 32. Nxc3 Rb6 33. Nb5 Nc7 34.
Nxc7 Qxc7 35. Re1 Qb7 36. Re3 Rb4 37. a5 Ra8 38. Ra1 Qb5 39. h3 Rxa5 40. Rxa5
Qxa5 41. Qc2 Qa3 42. e5 c4 43. exd6 Qa1+ 44. Kh2 cxb3 45. Qc8+ Kg7 46. dxe7 b2
47. e8=Q b1=Q 48. Qh8+ Kh6 49. Qcf8+ Kg5 50. Re5+ Qf5 51. Rxf5+ gxf5 52. Qxa1
1-0

[Event "Russian Championship G17 1st league 2016"]
[Site "Loo"]
[Date "2016.04.21"]
[Round "2.5"]
[White "Fokina, Elina"]
[Black "Danilova, Rada"]
[Result "1-0"]
[WhiteElo "1693"]
[BlackElo "1808"]
[PlyCount "147"]
[EventDate "2016.04.20"]

1. e4 c5 2. Nf3 e6 3. d4 cxd4 4. Nxd4 a6 5. Nc3 Qc7 6. Bd3 Nf6 7. O-O d6 8. Re1
Be7 9. Kh1 Nc6 10. Nxc6 bxc6 11. f4 e5 12. Qf3 O-O 13. f5 Rd8 14. g4 Ne8 15. g5
f6 16. g6 h6 17. Bc4+ Kh8 18. Qh5 Bf8 19. Bf7 d5 20. Bxh6 gxh6 21. Bxe8 Bg7 22.
Bf7 Bb7 23. Qe2 Qb6 24. b4 Qxb4 25. Rab1 Qe7 26. Rb6 d4 27. Na4 Bc8 28. Qc4 Qa3
29. Rb3 Qd6 30. Nb6 Rb8 31. Nxc8 Rbxc8 32. Qxa6 Ra8 33. Qc4 Rxa2 34. Rb6 Raa8
35. Qe6 Qa3 36. Qb3 Qa5 37. Rb1 Qd2 38. Rb8 Raxb8 39. Qxb8 Qe1+ 40. Rxe1 Rxb8
41. Ra1 Bf8 42. Ra7 Bg7 43. Rc7 Bf8 44. Bb3 Bg7 45. Rxc6 Rd8 46. Kg2 Rb8 47.
Bd5 Rd8 48. Kf3 Rb8 49. Ke2 Rf8 50. Kd3 Rd8 51. Rc7 Rb8 52. Kc4 Re8 53. Kc5
Bf8+ 54. Kc6 Re7 55. Rc8 Kg7 56. Ra8 h5 57. h4 d3 58. cxd3 Kh6 59. Rxf8 Kg7 60.
Rf7+ Rxf7 61. Bxf7 Kf8 62. Bb3 Kg7 63. Kd7 Kf8 64. Bd1 Kg7 65. Ke7 Kh6 66. Bxh5
Kxh5 67. g7 Kxh4 68. g8=Q Kh3 69. Kxf6 Kh2 70. Kxe5 Kh3 71. Qg5 Kh2 72. Kf4 Kh1
73. Kf3 Kh2 74. Qg2# 1-0

[Event "Russian Championship G17 1st league 2016"]
[Site "Loo"]
[Date "2016.04.21"]
[Round "2.6"]
[White "Polzunova, Anastasiya"]
[Black "Hilova, Evelina"]
[Result "1/2-1/2"]
[WhiteElo "1645"]
[BlackElo "1770"]
[PlyCount "131"]
[EventDate "2016.04.20"]

1. e4 c5 2. Nc3 Nc6 3. g3 e6 4. Bg2 Nf6 5. Nge2 d5 6. exd5 exd5 7. O-O d4 8.
Ne4 Bf5 9. Nxf6+ Qxf6 10. d3 Bd6 11. Bf4 O-O 12. Bxd6 Qxd6 13. Qd2 Rfe8 14.
Rae1 Ne5 15. h3 Bxh3 16. f4 Bxg2 17. fxe5 Qc6 18. Nxd4 cxd4 19. Qxg2 Qxg2+ 20.
Kxg2 Rac8 21. Rf2 Rc5 22. Re4 Rd5 23. Rff4 Rd7 24. Re2 g5 25. Rf5 h6 26. g4 Kg7
27. Kf3 Re6 28. Rh2 Rb6 29. b3 Rc6 30. Ke4 Rdc7 31. Rf6 Rxc2 32. Rfxh6 Rc1 33.
Rh7+ Kf8 34. R7h5 Re1+ 35. Kxd4 Rd7+ 36. Kc3 Rxe5 37. Rd2 Rc5+ 38. Kb4 b6 39.
d4 a5+ 40. Ka3 Rcd5 41. Kb2 Re7 42. Kc3 b5 43. a4 Re3+ 44. Rd3 Re4 45. axb5
Rxb5 46. Kc4 Rb4+ 47. Kc5 Rxg4 48. d5 Ke7 49. d6+ Kd7 50. Re3 Rbe4 51. Rxe4
Rxe4 52. Rxg5 Re6 53. Rd5 Re3 54. Kc4 Re4+ 55. Kc3 Re6 56. Rxa5 Rxd6 57. b4 Rd1
58. Ra7+ Ke6 59. Kc4 f5 60. Ra8 f4 61. Rf8 Rf1 62. Kc5 f3 63. Kb6 f2 64. b5 Kd6
65. Kb7 Rb1 66. Rxf2 1/2-1/2

[Event "Russian Championship G17 1st league 2016"]
[Site "Loo"]
[Date "2016.04.21"]
[Round "2.7"]
[White "Kirakosyan, Kamilla"]
[Black "Dunaevskaya, Alisa"]
[Result "1-0"]
[WhiteElo "1769"]
[BlackElo "1558"]
[PlyCount "107"]
[EventDate "2016.04.20"]

1. e4 d6 2. d4 Nf6 3. Nc3 e5 4. Nf3 Nbd7 5. Bc4 Be7 6. O-O O-O 7. a4 c6 8. h3
Qc7 9. Be3 a5 10. Re1 exd4 11. Nxd4 Ne5 12. Ba2 Re8 13. f4 Ng6 14. Qf3 Bd8 15.
Rad1 Nh4 16. Qe2 Nxe4 17. Bf2 d5 18. Nxd5 cxd5 19. Bxd5 Qxf4 20. Bxe4 Ng6 21.
Qf3 Qxf3 22. Bxf3 Rxe1+ 23. Rxe1 Kf8 24. Nb5 Ra6 25. Na7 Bf5 26. Bxb7 Rf6 27.
Nc6 Bc7 28. Bc5+ Bd6 29. Bd4 Re6 30. Rxe6 fxe6 31. c4 Bc7 32. Bc3 Bb6+ 33. Bd4
Bc7 34. c5 Bc2 35. Bc3 Bxa4 36. Nxa5 Ne7 37. Ba6 Nd5 38. Bd2 Be5 39. b3 Bd4+
40. Kf1 Nc7 41. Bd3 Be8 42. b4 h6 43. c6 e5 44. b5 e4 45. Bb4+ Kf7 46. Bc4+ Kf6
47. Bd6 Bb6 48. Nb3 Bf7 49. Bxf7 Nxb5 50. Bc5 Bxc5 51. Bc4 Nd6 52. Nxc5 Nxc4
53. c7 Nb6 54. Nd7+ 1-0

[Event "Russian Championship G17 1st league 2016"]
[Site "Loo"]
[Date "2016.04.21"]
[Round "2.10"]
[White "Zakarian, Diana"]
[Black "Tsepilova, Serafima"]
[Result "0-1"]
[WhiteElo "1625"]
[BlackElo "1766"]
[PlyCount "108"]
[EventDate "2016.04.20"]

1. e4 c5 2. Nf3 Nc6 3. d4 cxd4 4. Nxd4 Qc7 5. Nc3 e6 6. Be3 a6 7. Qd2 Nf6 8.
Be2 Bb4 9. f3 Ne5 10. O-O Be7 11. a3 Nc4 12. Bxc4 Qxc4 13. Rfd1 O-O 14. b3 Qc7
15. Nce2 d5 16. exd5 Nxd5 17. c4 Nxe3 18. Qxe3 e5 19. b4 exd4 20. Nxd4 Bf6 21.
Rac1 Qe5 22. Qxe5 Bxe5 23. Nb3 Bb2 24. Rb1 Bxa3 25. Na5 b6 26. Nc6 a5 27. Rd3
Bxb4 28. Nxb4 axb4 29. Rxb4 Rb8 30. Rd6 Be6 31. Kf2 Rfc8 32. Rdxb6 Rxb6 33.
Rxb6 Rxc4 34. Kg3 g6 35. Rd6 Rc2 36. Rd3 Bc4 37. Rd1 h5 38. h4 Kg7 39. Re1 Kf6
40. Kh3 Rf2 41. Kg3 Rf1 42. Re4 Be6 43. Re2 Rd1 44. Kf2 Ra1 45. Kg3 Kf5 46. Rb2
Ke5 47. Rb5+ Kd4 48. Rb4+ Ke3 49. Re4+ Kd2 50. Re5 Re1 51. Rxe1 Kxe1 52. Kf4
Kf2 53. g4 Bd5 54. gxh5 gxh5 0-1

[Event "Russian Championship G17 1st league 2016"]
[Site "Loo"]
[Date "2016.04.21"]
[Round "2.11"]
[White "Bagaeva, Maria"]
[Black "Kolmychek, Evelina"]
[Result "0-1"]
[WhiteElo "1490"]
[BlackElo "2029"]
[PlyCount "48"]
[EventDate "2016.04.20"]

1. e4 e5 2. Nc3 Nf6 3. Bc4 Nc6 4. d3 Bb4 5. f4 d5 6. exd5 Nxd5 7. Bxd5 Qxd5 8.
Nf3 Bg4 9. O-O Qc5+ 10. Kh1 Bxc3 11. bxc3 Qxc3 12. Bd2 Qc5 13. Qc1 Bxf3 14.
Rxf3 O-O-O 15. fxe5 Nxe5 16. Rf1 f6 17. Be3 Qa5 18. Qb2 Ng4 19. Bg1 Rhe8 20.
Rad1 Re2 21. Qb3 Qg5 22. Rb1 b6 23. Qc4 Nxh2 24. Rf2 Ng4 0-1